[Event "Dhaka Rating op"]
[Site "Dhaka"]
[Date "2019.05.23"]
[Round "1"]
[White "Mehedi, Hasan"]
[Black "Md, Aminul Islam"]
[Result "0-1"]
[WhiteElo "1652"]
[BlackElo "2012"]
[PlyCount "102"]
[EventDate "2019.05.23"]
[EventType "swiss"]
[EventRounds "8"]
[EventCountry "BAN"]
[SourceTitle "EXT 2020"]
[Source "ChessBase"]
[SourceDate "2019.10.17"]
[SourceVersion "1"]
[SourceVersionDate "2019.10.17"]
[SourceQuality "1"]

1. e4 c6 2. d4 d5 3. e5 c5 4. Nf3 cxd4 5. Bd3 Nc6 6. 0-0 Bg4 7. Re1 e6 8. Bf4 Nge7 9. Nbd2 Ng6 10. Bg3 Be7 11. Nb3 0-0 12. Be2 Bb4 13. Rf1 Bxf3 14. Bxf3 Ngxe5 15. Bxe5 Nxe5 16. Nxd4 Nxf3+ 17. Qxf3 Be7 18. c3 Bf6 19. Ne2 Rc8 20. Rad1 Rc4 21. Rd2 Qc7 22. Rfd1 b5 23. a3 a5 24. Nd4 Bxd4 25. Rxd4 Rb8 26. g3 h6 27. Rxc4 bxc4 28. Qe2 Rb3 29. Rd2 Qb7 30. h4 h5 31. Kh2 g6 32. Kg1 a4 33. Kh2 Kh7 34. f4 Qb6 35. Kg2 d4 36. cxd4 c3 37. bxc3 Rxc3 38. Rd3 Qb3 39. Rxc3 Qxc3 40. Qa2 Qxd4 41. Kh2 Kg7 42. Qc2 Kf6 43. Qa2 Kf5 44. Qc2+ Qe4 45. Qc5+ Kg4 46. Qf2 Qf3 47. Qg1 Qxa3 48. Qg2 Kf5 49. Qc2+ Kf6 50. Qd2 Qa1 51. Qd8+ Kg7 0-1